Movies Quiz

Random Movies or Song Quiz

Popular Movie Theme Songs Quiz Stats

Quiz not verified by Sporcle

Challenge
Share
Tweet
Score 0/43 Timer 20:00
0 Plays Today
Time Movie % Correct
2:21 - 2:30Titanic
84.1%
2:51 - 3:00Star Wars: Episode I - The Phantom Menace
83.1%
3:31 - 3:40Harry Potter and the Sorcerer's Stone
78.5%
5:21 - 5:30Pirates of the Caribbean: The Curse of the Black Pearl
70.8%
4:51 - 5:00Jurassic Park
65%
6:01 - 6:10Lord of the Rings: The Fellowship of the Ring
64.7%
1:41 - 1:50Braveheart
56.3%
6:41 - 6:50Dark Knight
49.1%
0:51 - 1:00Spiderman
48.1%
0:11 - 0:20Bring It On
47.1%
4:11 - 4:20Home Alone
45.5%
0:41 - 0:50Saw
40.9%
0:31 - 0:40Avatar
39.9%
2:31 - 2:40The Mummy
39.4%
2:11 - 2:20Black Swan
37.1%
2:41 - 2:50Eurotrip
36.3%
1:31 - 1:40The Departed
34%
4:41 - 4:50Inception
33.8%
4:01 - 4:10Requiem for a Dream
33%
5:01 - 5:10Die Another Day
32%
5:51 - 6:00The Fast and the Furious
29.2%
1:11 - 1:20Wall-E
27.9%
Time Movie % Correct
0:00 - 0:10XXX
26.1%
3:41 - 3:50Mean Girls
21.5%
2:01 - 2:10Charlie's Angels
21%
4:31 - 4:40Homeward Bound
18.7%
3:21 - 3:30The Social Network
18.2%
6:31 - 6:40Pearl Harbor
17.1%
7:01 - 7:11Step Up
17.1%
6:51 - 7:00The Chronicles of Narnia
16.4%
1:21 - 1:30Free Willy
14.8%
3:01 - 3:10Dragonheart
14.1%
3:11 - 3:20Hitch
13%
1:51 - 2:00S.W.A.T.
12.8%
5:11 - 5:20Sweeney Todd
10.7%
5:41 - 5:50Shutter Island
8.4%
6:11 - 6:20Sleepy Hollow
6.9%
3:51 - 4:00The Silence of the Lambs
6.1%
6:21 - 6:30Scream
5.4%
4:21 - 4:30Thir13en Ghosts
2.3%
1:01 - 1:10The Neverending Story II
2%
0:21 - 0:30Congo
1.8%
5:31 - 5:40Hollow Man
0.5%

You're not logged in!

Compare scores with friends on all Sporcle quizzes.
Join for Free
OR
Log In

You Might Also Like...

Show Comments

Extras

Top Quizzes Today


Score Distribution

Your Account Isn't Verified!

In order to create a playlist on Sporcle, you need to verify the email address you used during registration. Go to your Sporcle Settings to finish the process.

Report this User

Report this user for behavior that violates our Community Guidelines.

Details: